LEADER 00954nam a2200253 i 4500 001 000000153020 003 CaOOAMICUS 005 20060911000000.0 008 060911s1971 it u000 u ita u 013 $a130361 040 $aSeMil$bita 100 1 $aHermas.$0(OLS)http://semarc/name/17937 245 13$aIl Pastore /$cErma ; Introduzione, traduzione e note a cura di Omero Soffritti. 260 $a[S.l.] :$bPaoline,$cstampa 1971. 300 $a313 p. ;$c20 cm. 490 0 $aPatristica 500 $aContiene : Bibliografia. 650 4$aPatristica - Testi.$0(OLS)http://semarc/subject/0 700 1 $aSoffritti, Omero.$0(OLS)http://semarc/name/35 830 0$aPatristica.$0(OLS)http://semarc/title/6204 850 $aSeMil 852 $aSeMil$W1$xVenegono$y1$m2S II 226$j104964$B104964$CSeMilBibl$Z2$F114223 $81 996 $6245$aIl Pastore$9(OLS)http://semarc/title/188554 996 $6260$a[S.l.] :$bPaoline$9(OLS)http://semarc/publisher/31245 LEADER 00497nab a2200145 i 4500 001 000000312964 003 CaOOAMICUS 005 20180831173102.0 008 180831n xx uu u0 0und r 013 $a22056 040 $aSeMil$bita 100 1 $aCordovani, Mariano,$c.$0(OLS)http://semarc/name/525 245 10$aS. Domenico di Guzman e l?opera sua. 773 0 $t[Gennaio-Giugno].$g241-264, 321-34$w()274223 996 $6245$aS. Domenico di Guzman e l?opera sua$9(OLS)http://semarc/title/387298